000 00656nam a22002177a 4500
003 OSt
005 20140310183038.0
008 130220t xxu||||| |||| 00| 0 eng d
020 _a9789715846608
050 _aGV 885.35
_b.J94 2008
082 _aFIL 796.3232
_bJ94 2008
245 _aThe DLSU FWTeams basic basketball instructional manual :
_b the physical education instructional manual series
_cJuliano, Melanie S.
260 _aQuezon City
_bC & E Pub.
_cc2008
300 _a172 p.
_b ill.
_c22 cm.
521 _acollege students
526 _c1210L-1700L
541 _j1
541 _j2
562 _e2
942 _2lcc
_cBK
_kFIL
999 _c18501
_d18501